Statistiche per I paesi più visitati dai russi

Clicka qui per fare il quiz!

Statistiche generali

  • Questo quiz è stato fatto 153 volte
  • Il punteggio medio è 6 su 9

Statistiche sulle risposte

#Destinazione% Corretto
605,500Italia
99%
787,200Cina
92%
638,100Germania
84%
887,100Spagna
84%
1,100,000Grecia
65%
787,100Finlandia
60%
2,700,000Turchia
58%
1,400,000Egitto
35%
683,000Thailandia
22%

Distribuzione punteggi

Percentile per numero di risposta

Percentuale di utenti per punteggio

I tuoi punteggi nel tempo

Non hai fatto questo quiz